<?xml version="1.0" encoding="UTF-8"?>
<record
    xmlns:xsi="http://www.w3.org/2001/XMLSchema-instance"
    xsi:schemaLocation="http://www.loc.gov/MARC21/slim http://www.loc.gov/standards/marcxml/schema/MARC21slim.xsd"
    xmlns="http://www.loc.gov/MARC21/slim">

  <leader>02719nam a22003017a 4500</leader>
  <controlfield tag="001">267</controlfield>
  <controlfield tag="003">OSt</controlfield>
  <controlfield tag="005">20250528074016.0</controlfield>
  <controlfield tag="008">250313b        |||||||j |||| 00| f eng d</controlfield>
  <datafield tag="020" ind1=" " ind2=" ">
    <subfield code="a">9786555981865</subfield>
  </datafield>
  <datafield tag="040" ind1=" " ind2=" ">
    <subfield code="b">por</subfield>
    <subfield code="c">eng</subfield>
  </datafield>
  <datafield tag="041" ind1=" " ind2=" ">
    <subfield code="a">por</subfield>
    <subfield code="h">eng</subfield>
  </datafield>
  <datafield tag="082" ind1=" " ind2=" ">
    <subfield code="a">813</subfield>
    <subfield code="b">B199g</subfield>
  </datafield>
  <datafield tag="100" ind1=" " ind2=" ">
    <subfield code="a">Bambara, Toni Cade</subfield>
    <subfield code="d">1939-1995</subfield>
    <subfield code="9">500</subfield>
  </datafield>
  <datafield tag="240" ind1=" " ind2=" ">
    <subfield code="a">Gorilla, My Love</subfield>
  </datafield>
  <datafield tag="245" ind1=" " ind2=" ">
    <subfield code="a">Gorila</subfield>
    <subfield code="b">Meu amor /</subfield>
    <subfield code="c">Bambara, Toni Cade ;  tradu&#xE7;&#xE3;o Nina Rizzi </subfield>
  </datafield>
  <datafield tag="260" ind1=" " ind2=" ">
    <subfield code="a">Rio de Janeiro</subfield>
    <subfield code="b">DarkSide</subfield>
    <subfield code="c">2022</subfield>
  </datafield>
  <datafield tag="300" ind1=" " ind2=" ">
    <subfield code="a">187 p.</subfield>
  </datafield>
  <datafield tag="520" ind1=" " ind2=" ">
    <subfield code="a">Uma m&#xE3;e acuada pelos filhos em uma festa. A garota mais veloz do bairro se preparando para uma corrida. Uma aniversariante solit&#xE1;ria perambulando pelo bairro sem que ningu&#xE9;m a parabenize. E uma menina indignada no cinema, pois entrou para assistir a um filme chamado Gorila, Meu Amor, mas os adultos mais uma vez faltaram com a palavra e exibiram um filme bem diferente...

Essas s&#xE3;o apenas algumas cenas inesquec&#xED;veis de Gorila, Meu Amor, antologia de quinze contos que marca a estreia da romancista Toni Cade Bambara na marca DarkLove, que celebra as autoras mais inovadoras e audazes da literatura mundial.

Publicado originalmente em 1972, em meio &#xE0;s transforma&#xE7;&#xF5;es sociais, pol&#xED;ticas e culturais que marcaram as d&#xE9;cadas de 1960 e 1970 nos Estados Unidos, Gorila, Meu Amor nos convida a uma poderosa experi&#xEA;ncia de leitura. Um dos nomes mais consagrados e influentes do Black Arts Movement, Bambara nos transporta para o cora&#xE7;&#xE3;o de viv&#xEA;ncias negras singulares, esmiu&#xE7;ando com aud&#xE1;cia, sensibilidade e ironia os contrastes brutais de uma sociedade em colapso.

Homens e mulheres, adultos e crian&#xE7;as, ricos e pobres. Intercalando entre a vida metropolitana em Nova York e o cotidiano rural na Carolina do Norte &#x2013; em que os pr&#xF3;prios lugares s&#xE3;o personagens marcantes das hist&#xF3;rias &#x2013;, o livro consolidou Bambara como uma autora excepcional, cuja narrativa l&#xED;rica e divertida, marcada por forte oralidade, captura recortes de vidas incompreendidas e invisibilizadas e explora o que realmente significa ser mulher.

Com protagonistas afiadas e corajosas, a autora d&#xE1; voz &#xE0; pot&#xEA;ncia do feminismo negro e nos desafia a encarar as contradi&#xE7;&#xF5;es de uma na&#xE7;&#xE3;o presun&#xE7;osa, intolerante e perdida em suas pr&#xF3;prias promessas.

Visceral, aut&#xEA;ntico e poderoso, Gorila, Meu Amor &#xE9; uma reflex&#xE3;o sobre as mentiras que nos contam, as verdades que nos escondem e a coragem para acreditarmos em quem realmente somos.</subfield>
  </datafield>
  <datafield tag="650" ind1=" " ind2="0">
    <subfield code="a">Literatura Americana</subfield>
    <subfield code="9">84</subfield>
  </datafield>
  <datafield tag="650" ind1=" " ind2="0">
    <subfield code="a">Suspense</subfield>
    <subfield code="9">10</subfield>
  </datafield>
  <datafield tag="650" ind1=" " ind2="0">
    <subfield code="a">Amor-pr&#xF3;prio</subfield>
    <subfield code="9">499</subfield>
  </datafield>
  <datafield tag="650" ind1=" " ind2="0">
    <subfield code="a">Aventura</subfield>
    <subfield code="9">47</subfield>
  </datafield>
  <datafield tag="655" ind1=" " ind2="0">
    <subfield code="a">Romance</subfield>
    <subfield code="9">23</subfield>
  </datafield>
  <datafield tag="655" ind1=" " ind2="0">
    <subfield code="a">Fic&#xE7;&#xE3;o </subfield>
    <subfield code="9">22</subfield>
  </datafield>
  <datafield tag="700" ind1=" " ind2=" ">
    <subfield code="a">Nina Rizzi</subfield>
    <subfield code="e">TRADUTORA</subfield>
    <subfield code="9">501</subfield>
  </datafield>
  <datafield tag="942" ind1=" " ind2=" ">
    <subfield code="2">ddc</subfield>
    <subfield code="c">BK</subfield>
    <subfield code="n">0</subfield>
  </datafield>
  <datafield tag="952" ind1=" " ind2=" ">
    <subfield code="0">0</subfield>
    <subfield code="1">0</subfield>
    <subfield code="2">ddc</subfield>
    <subfield code="4">0</subfield>
    <subfield code="7">0</subfield>
    <subfield code="8">FIC</subfield>
    <subfield code="a">BIBIB</subfield>
    <subfield code="b">BIBIB</subfield>
    <subfield code="c">LE</subfield>
    <subfield code="d">2025-03-13</subfield>
    <subfield code="e">doa&#xE7;&#xE3;o</subfield>
    <subfield code="l">0</subfield>
    <subfield code="o">813 / B199g</subfield>
    <subfield code="p">2025-17222</subfield>
    <subfield code="r">2025-03-13 08:52:01</subfield>
    <subfield code="t">Ex. 01</subfield>
    <subfield code="w">2025-03-13</subfield>
    <subfield code="y">BK</subfield>
  </datafield>
  <datafield tag="999" ind1=" " ind2=" ">
    <subfield code="c">267</subfield>
    <subfield code="d">267</subfield>
  </datafield>
</record>
